| 000 | 00886nas a2200277 4500 | ||
|---|---|---|---|
| 001 | BR0403129 | ||
| 003 | BR-BrBNA | ||
| 005 | 20231205104622.0 | ||
| 007 | ta | ||
| 008 | 230509b bl.|||p| |||| 00| 00por d | ||
| 040 |
_aBR-BrBNA _bpor _cBiblioteca Nacional de Agricultura |
||
| 041 | _a(Pt) | ||
| 072 | _aQ03 | ||
| 100 | 1 | _aRoque, R. de A. | |
| 100 | 1 | _aSchumacher, S.S. de P. | |
| 100 | 1 | _aPavia, P.C. | |
| 245 | 1 | _aQuantificação de microrganismos psicrotróficos em leites pasteurizados tipos B e C, comercializados na cidade de São Paulo, SP | |
| 650 | _aLEITE PASTEURIZADO | ||
| 650 | _aMICRORGANISMO | ||
| 650 | _aBACTÉRIA | ||
| 650 | _aMICROBIOLOGIA DE ALIMENTO | ||
| 650 | _aSÃO PAULO | ||
| 773 | 0 |
_tHigiene Alimentar (Brazil) _xISSN 0101-9171 _g(Sep 2003), v. 17(112) p. 59-68 _wBR0403129 |
|
| 909 |
_a202311 _bLúcia _c55 _dLúcia Elande |
||
| 942 |
_2AGRIS _n0 _cANA |
||
| 999 |
_c178982 _d178982 |
||